The Needle Drop - 15 Worst Albums of the 2010s - Statistics

General Stats
  • This quiz has been taken 80 times
  • The average score is 9 of 15
Answer Stats
Album Artist % Correct
7. Miley Cyrus and Her Dead Pets Miley Cyrus
95%
6. Revival Eminem
82%
2. Total Xanarchy Lil Xan
80%
5. The Big Day Chance the Rapper
73%
13. Supermarket Logic
73%
1. Angelic 2 The Core Corey Feldman
65%
15. Professional Rapper Lil Dicky
64%
3. Nostalgia Critic's The Wall Doug Walker
58%
14. Origins Imagine Dragons
56%
9. Bad Vibes Forever XXXTENTACION
56%
8. Rebirth Lil Wayne
50%
12. Bad Habits Nav
45%
11. 93PUNX 93PUNX
30%
4. Graveyard Classics IV: Number of the Priest Six Feet Under
20%
10. Will Never Die brokeNCYDE
18%
No matching quizzes found
Score Distribution
Percent of People with Each Score
Percentile by Number Answered
Your Score History
You have not taken this quiz